Bacteria, Fungi, Virus, or Protozoa? - Statistics

General Stats
  • This quiz has been taken 212 times
  • The average score is 11 of 15
Answer Stats
Question Answer % Correct
COVID-19 Virus
100%
Tuberculosis Bacteria
88%
True or False: Antibiotics don't work on Viruses True
86%
True or False: Viruses don't have DNA False
79%
True or False: Most bacteria have a cell membrane True
79%
Measles Virus
79%
This disease-causing entity is considered non-living by most scientists. Virus
77%
The Bubonic Plague Bacteria
75%
Candida auris Fungi
72%
Yellow Fever Virus
67%
Aspergillosis Fungi
63%
Malaria Protozoan
63%
Toxoplasmosis Protozoan
63%
True or False: Viruses are considered parasites. True
53%
Marbug Virus
40%
No matching quizzes found
Score Distribution
Percent of People with Each Score
Percentile by Number Answered
Your Score History
You have not taken this quiz